[Event "Montreal op 05b"]
[Site "Montreal"]
[Date "2002.05.24"]
[Round "1"]
[White "Ibrahim, Anthony"]
[Black "Monte de Ramos, Kevin"]
[Result "1-0"]
[WhiteElo "2178"]
[BlackElo "1709"]
[PlyCount "84"]
[EventDate "2002.05.24"]
[EventType "swiss"]
[EventRounds "5"]
[EventCountry "CAN"]
[SourceTitle "EXT 2009"]
[Source "ChessBase"]
[SourceDate "2008.11.26"]
[SourceVersion "1"]
[SourceVersionDate "2008.11.26"]
[SourceQuality "1"]

1. e4 Nf6 2. e5 Nd5 3. Nc3 Nb6 4. Nf3 d5 5. d4 Bg4 6. Be2 e6 7. 0-0 c5 8. Be3 N6d7 9. Bg5 Qc7 10. Nb5 Qb6 11. a4 Bxf3 12. gxf3 a6 13. a5 Qc6 14. Nc3 h6 15. Bh4 g5 16. Bg3 h5 17. h3 h4 18. Bh2 cxd4 19. Na4 Bc5 20. Qd2 Rg8 21. b4 Ba7 22. c3 b5 23. axb6 Nxb6 24. Nxb6 Bxb6 25. cxd4 Nd7 26. Bxa6 Bd8 27. Bd3 Rxa1 28. Rxa1 Nb6 29. b5 Qb7 30. Qa5 Kd7 31. Qa6 Kc7 32. Kf1 Kb8 33. Qa2 Nc4 34. Ke2 Na5 35. Rg1 Qb6 36. Qa4 Bc7 37. Bf4 Nc4 38. Bxc4 Qxd4 39. Bb3 Qb2+ 40. Bc2 Rc8 41. Ra1 Bb6 42. Qa8+ Kc7 1-0